000
00293nam a22001337a 4500
003
SGT
020
_a
9789327230406
082
_a
631
_b
SIN
100
_a
SINGH, PHUNDAN
245
_a
PRINCIPLES OF SEED TECHNOLOGY
260
_b
KALYANI PUBLICATION
_c
2017
300
_a
194
942
_2
ddc
_c
BK
_0
24
999
_c
16148
_d
16148